Implementación de un sistema hidráulico, su identificación paramétrica y el desarrollo de un sistema de control robusto
Tallennettuna:
| Päätekijä: | |
|---|---|
| Aineistotyyppi: | Kirja |
| Julkaistu: |
San José, C.R.
2001
|
| Aiheet: | |
| Tagit: |
Lisää tagi
Ei tageja, Lisää ensimmäinen tagi!
|
MARC
| LEADER | 00000nam a2200000Ia 4500 | ||
|---|---|---|---|
| 003 | 008721 | ||
| 005 | 20221231144202.0 | ||
| 008 | 140114s2001 cr a m 000 ||s d | ||
| 040 | |c cru CEDI | ||
| 090 | |a TFG 4310 | ||
| 100 | |a Arroyo Chaves, Ismael |9 7797 | ||
| 245 | |a Implementación de un sistema hidráulico, su identificación paramétrica y el desarrollo de un sistema de control robusto | ||
| 260 | |c 2001 |a San José, C.R. | ||
| 300 | |a ix, 87 hojas : ilustraciones (algunas a color) | ||
| 500 | |a Proyecto de graduación (bachillerato en ingeniería eléctrica)--Universidad de Costa Rica. Facultad de Ingeniería. Escuela de Ingeniería Eléctrica | ||
| 650 | |x CONTROL AUTOMATICO |x SISTEMAS DE CONTROL DIGITAL |x CONTROLADORES LOGICOS PROGRAMABLES |x ROBOTICA |9 7798 | ||
| 942 | |c TFG | ||
| 999 | |c 18128 |d 18128 | ||
